Les 9 Clubs qui ont gagnés la Liga - Statistiques

Statistiques générales
  • Ce quiz a été pris 123 fois
    15 depuis la dernière actualisation
  • Le résultat moyen est 7 sur 9
Statistiques - réponses
Hint Réponse % Correct
4 Athletic Bilbao (8)
100%
3 Atlético de Madrid (11)
100%
2 Barcelone (28)
100%
1 Réal Madrid (36)
100%
9 Bétis Séville (1)
82%
8 Séville FC (1)
82%
5 Valence CF (6)
73%
6 Real Sociedad (2)
64%
7 Real Deportivo (1)
45%
Aucun quiz correspondant
Distribution des résultats
% des personnes avec chaque résultat
Percentile par nombre de réponses
Votre historique - résultats
Vous n’avez pas pris ce quiz depuis la dernière actualisation